Financiación básica de los negocios (Registro nro. 36428)

Detalles MARC
000 -LEADER
fixed length control field 01333 a2200241 4500
001 - CONTROL NUMBER
control field 63943
005 - DATE AND TIME OF LATEST TRANSACTION
control field 20260521160827.0
008 - FIXED-LENGTH DATA ELEMENTS--GENERAL INFORMATION
fixed length control field 260521a1964 arg spa d
003 - CONTROL NUMBER IDENTIFIER
control field AR-UNSa-BCEJYS
040 ## - CATALOGING SOURCE
Original cataloging agency AR-UNSa-BCEJYS
Language of cataloging spa
Transcribing agency AR-UNSa-BCEJYS
080 ## - UNIVERSAL DECIMAL CLASSIFICATION NUMBER
Universal Decimal Classification number 658.14
Common auxiliary subdivision Financiación. Financiación de las empresas. Obtención de capital
041 ## - LANGUAGE CODE
Language code of text/sound track or separate title spa
100 1# - MAIN ENTRY--PERSONAL NAME
Personal name Hunt, Pearson
245 10 - TITLE STATEMENT
Title Financiación básica de los negocios
Name of part/section of a work Texto y casos
264 #1 - PRODUCTION, PUBLICATION, DISTRIBUTION, MANUFACTURE, AND COPYRIGHT NOTICE
Place of production, publication, distribution, manufacture México :
Name of producer, publisher, distributor, manufacturer Unión Tipográfica Editorial Hispano-Americana (UTEHA)
Date of production, publication, distribution, manufacture, or copyright notice 1964
300 ## - PHYSICAL DESCRIPTION
Extent xiv, 982 p.
Dimensions 23 cm.
505 ## - FORMATTED CONTENTS NOTE
Formatted contents note Parte I: Introducción - Parte II: La administración del activo y la necesidad de fondos - Parte III: El análisis de la financiación pasada y necesidades futuras de fondos - Parte IV: Fuentes de fondos a plazo corto y mediano - Parte V: Estructura del capital a largo plazo - Parte VI: Detalles de los contratos financieros específicos a largo plazo - Parte VII: Fuentes del capital a largo plazo de las sociedades anónimas - Parte VIII: Financiación del crecimiento y el reajuste - Parte IX: Análisis de las oportunidades de inversión a largo plazo -
590 ## - LOCAL NOTE (RLIN)
Local note niveau_biblio:m niveau_hierar:0
700 1# - ADDED ENTRY--PERSONAL NAME
Personal name Williams, Charles M.
700 1# - ADDED ENTRY--PERSONAL NAME
Personal name Fernández Cepero, Manuel de J.
700 1# - ADDED ENTRY--PERSONAL NAME
Personal name Donaldson, Gordon
942 ## - ADDED ENTRY ELEMENTS (KOHA)
Koha item type
Existencias
Withdrawn status Lost status Damaged status Not for loan Home library Current library Shelving location Date acquired Total checkouts Full call number Barcode Date last seen Price effective from Koha item type
        Biblioteca Prof. Eusebio Cleto del Rey Biblioteca Prof. Eusebio Cleto del Rey   21/05/2026   658.14 H939 L22333 21/05/2026 21/05/2026 Libro
        Biblioteca Prof. Eusebio Cleto del Rey Biblioteca Prof. Eusebio Cleto del Rey   21/05/2026   658.14 H939 L22334 21/05/2026 21/05/2026 Libro
        Biblioteca Prof. Eusebio Cleto del Rey Biblioteca Prof. Eusebio Cleto del Rey   21/05/2026   658.14 H939 L23359 21/05/2026 21/05/2026 Libro